| 000 | 00851nam a22002297a 4500 | ||
|---|---|---|---|
| 999 |
_c17353 _d17353 |
||
| 003 | AR-CdUCM | ||
| 008 | 190508b ||||| |||| 00| 0 spa d | ||
| 040 |
_aMUNICIPALIDAD PROVINCIAL DEL CUSCO _cBIBLIOTECA MUNICIPAL DEL CUSCO |
||
| 041 | _heng. | ||
| 082 |
_a947.84 / _bW88 |
||
| 100 |
_aWoytinsky, Vladimir S. _937324 |
||
| 245 |
_aViaje tormentoso : _bHistoria de una vida a través de dos revoluciones rusas, hacia la democracia y la libertad : 1905 - 1960 / |
||
| 260 |
_aMéxico, D.F : _bEdit. Novaro México, _c1964. |
||
| 300 |
_a894 paginas ; _c18 cm. |
||
| 505 | _aContenido :La primera tormenta sobre Rusia,1905 --Rusia en la encrucijada ,1906-1907 / | ||
| 650 |
_aRusia _9499 |
||
| 650 |
_aHistoria _9136 |
||
| 650 |
_aSiglo XX _98 |
||
| 700 |
_aStory Passage (traductor) _937325 |
||
| 942 |
_2ddc _cLIBROS |
||
| 945 |
_arjall _d2019-05-08 |
||